000 00829cam a2200229 4500
001 WB3636-11
008 000000n2000 000 0 eng u
035 _a(Sirsi) u108306
245 _aWind farms winning over doubting public
260 _c2000
490 _aPlanning (for the Natural and Built Environment)
_v(1385) 8 September 2000, 5(1)
520 _aResearch commissioned by the Scottish Executive has found that people living near windfarms feel generally positive towards them, and the majority would not object if extra turbines were added.
590 _aWB
650 _aWIND FARMS
650 _aSCOTTISH EXECUTIVE
650 _aSYSTEM THREE
650 _aPLANNING GUIDELINES
650 _aRENEWABLE ENERGY
650 _aPUBLIC IMAGE
690 _aENVIRONMENTAL AND LAND CONSULTANCY-ENERGY
942 _n0
999 _c64658
_d64658